Statistics for NCAA Basketball Teams

Click here to take the quiz!

General Stats

  • This quiz has been taken 10 times
  • The average score is 139 of 363

Answer Stats

ConferenceSchool% Correct
AmericanMemphis
100%
SECAlabama
80%
Pac 12Arizona
80%
Pac 12Arizona State
80%
Missouri ValleyBradley
80%
Big EastButler
80%
AmericanCentral Florida
80%
Big EastConnecticut
80%
ColonialDelaware
80%
Missouri ValleyEvansville
80%
AmericanHouston
80%
Big TenIllinois
80%
Big TenIndiana
80%
Big TenMichigan
80%
Big TenMichigan State
80%
Big TenMinnesota
80%
SECMissouri
80%
Missouri ValleyMissouri State
80%
Mountain WestNevada
80%
America EastNew Hampshire
80%
MACOhio
80%
Big TenOhio State
80%
Big TenPurdue
80%
SWACSouthern
80%
Missouri ValleySouthern Illinois
80%
AmericanSouth Florida
80%
ACCVirginia
80%
Mountain WestAir Force
60%
MACAkron
60%
SWACAlabama State
60%
SECArkansas
60%
SWACArkansas Pine Bluff
60%
Big 12Baylor
60%
Pac 12California
60%
D1 IndependentChicago State
60%
AmericanCincinnati
60%
Big EastCreighton
60%
Big EastDePaul
60%
HorizonDetroit Mercy
60%
Missouri ValleyDrake
60%
ACCDuke
60%
AmericanEast Carolina
60%
SECFlorida
60%
Big EastGeorgetown
60%
Atlantic 10George Washington
60%
SECGeorgia
60%
West CoastGonzaga
60%
D1 IndependentHartford
60%
IvyHarvard
60%
Missouri ValleyIllinois State
60%
Missouri ValleyIndiana State
60%
Big TenIowa
60%
Big 12Iowa State
60%
Big 12Kansas
60%
Big 12Kansas State
60%
SECKentucky
60%
Ohio ValleyLittle Rock
60%
ACCLouisville
60%
Atlantic 10Loyola Chicago
60%
PatriotLoyola Maryland
60%
West CoastLoyola Marymount
60%
SECLSU
60%
America EastMaine
60%
Big EastMarquette
60%
Big TenMaryland
60%
ACCMiami (FL)
60%
MACMiami (OH)
60%
Big SkyMontana
60%
Big TenNebraska
60%
ACCNorth Carolina
60%
Missouri ValleyNorthern Iowa
60%
Conference USANorth Texas
60%
Big TenNorthwestern
60%
ACCNotre Dame
60%
Pac 12Oregon
60%
Big TenPenn State
60%
IvyPennsylvania
60%
IvyPrinceton
60%
Big EastProvidence
60%
Atlantic 10Richmond
60%
Big TenRutgers
60%
West CoastSan Diego
60%
Mountain WestSan Diego State
60%
Big EastSeton Hall
60%
AmericanSMU
60%
SECSouth Carolina
60%
Big EastSt. John's
60%
Atlantic 10St. Louis
60%
ACCSyracuse
60%
AmericanTemple
60%
SECTennessee
60%
Ohio ValleyTennessee State
60%
Big 12Texas
60%
SECTexas A&M
60%
AmericanTulane
60%
AmericanTulsa
60%
Conference USAUAB
60%
Pac 12UCLA
60%
Big WestUC San Diego
60%
Mountain WestUNLV
60%
Pac 12USC
60%
SECVanderbilt
60%
Big EastVillanova
60%
ACCVirginia Tech
60%
Pac 12Washington
60%
Pac 12Washington State
60%
AmericanWichita State
60%
Big TenWisconsin
60%
Big EastXavier
60%
IvyYale
60%
WACAbilene Christian
40%
SWACAlabama A&M
40%
America EastAlbany
40%
Sun BeltAppalachian State
40%
PatriotArmy
40%
Atlantic SunAustin Peay
40%
MACBall State
40%
Missouri ValleyBelmont
40%
Mountain WestBoise State
40%
ACCBoston College
40%
PatriotBoston University
40%
MACBowling Green
40%
PatriotBucknell
40%
MACBuffalo
40%
West CoastBYU
40%
MACCentral Michigan
40%
ColonialCharleston
40%
Conference USACharlotte
40%
ACCClemson
40%
HorizonCleveland State
40%
Sun BeltCoastal Carolina
40%
PatriotColgate
40%
Pac 12Colorado
40%
Mountain WestColorado State
40%
IvyColumbia
40%
IvyCornell
40%
Big WestCSU Bakersfield
40%
IvyDartmouth
40%
Atlantic 10Dayton
40%
SummitDenver
40%
Ohio ValleyEastern Illinois
40%
MACEastern Michigan
40%
SWACFlorida A&M
40%
Conference USAFlorida Atlantic
40%
Conference USAFlorida International
40%
ACCFlorida State
40%
Atlantic 10George Mason
40%
Sun BeltGeorgia Southern
40%
Sun BeltGeorgia State
40%
ACCGeorgia Tech
40%
WACGrand Canyon
40%
Big WestHawaii
40%
Big SkyIdaho
40%
SummitKansas City
40%
PatriotLafayette
40%
Atlantic SunLiberty
40%
Sun BeltLouisiana Lafayette
40%
Conference USALouisiana Tech
40%
Sun BeltLousiana Monroe
40%
Metro AtlanticManhattan
40%
Metro AtlanticMarist
40%
Sun BeltMarshall
40%
Atlantic 10Massachusetts
40%
Conference USAMiddle Tennessee
40%
SECMississippi
40%
SECMississippi State
40%
Big SkyMontana State
40%
Missouri ValleyMurray State
40%
PatriotNavy
40%
Mountain WestNew Mexico
40%
WACNew Mexico State
40%
SouthlandNew Orleans
40%
Atlantic SunNorth Alabama
40%
ACCNorth Carolina State
40%
SummitNorth Dakota
40%
SummitNorth Dakota State
40%
Big SkyNorthern Arizona
40%
MACNorthern Illinois
40%
HorizonOakland
40%
Big 12Oklahoma
40%
Big 12Oklahoma State
40%
SummitOral Roberts
40%
Pac 12Oregon State
40%
ACCPittsburgh
40%
West CoastPortland
40%
Conference USARice
40%
Metro AtlanticRider
40%
West CoastSan Francisco
40%
Mountain WestSan Jose State
40%
West CoastSanta Clara
40%
Ohio ValleySE Missouri State
40%
Ohio ValleySIU Edwardsville
40%
Sun BeltSouth Alabama
40%
SummitSouth Dakota
40%
SummitSouth Dakota State
40%
Ohio ValleySouthern Indiana
40%
Sun BeltSouthern Miss
40%
Atlantic 10St. Joseph's
40%
West CoastSt. Mary's
40%
Big 12TCU
40%
SouthlandTexas A&M Corpus Christi
40%
Sun BeltTexas State
40%
Big 12Texas Tech
40%
MACToledo
40%
Sun BeltTroy
40%
Big WestUC Davis
40%
Big WestUC Irvine
40%
Big WestUC Santa Barbara
40%
America EastUMBC
40%
SouthernUNC Greensboro
40%
Pac 12Utah
40%
Mountain WestUtah State
40%
Conference USAUTEP
40%
Conference USAUTSA
40%
HorizonUW Green Bay
40%
America EastVermont
40%
ACCWake Forest
40%
SummitWestern Illinois
40%
Conference USAWestern Kentucky
40%
MACWestern Michigan
40%
Big 12West Virginia
40%
Mountain WestWyoming
40%
HorizonYoungstown State
40%
PatriotAmerican
20%
Sun BeltArkansas State
20%
SECAuburn
20%
Atlantic SunBellarmine
20%
SWACBethune Cookman
20%
America EastBinghamton
20%
IvyBrown
20%
America EastBryant
20%
Big WestCal Poly
20%
Big SouthCampbell
20%
Metro AtlanticCanisius
20%
Atlantic SunCentral Arkansas
20%
NortheastCentral Connecticut State
20%
Big SouthCharleston Southern
20%
SouthernCitadel
20%
Big WestCSU Fullerton
20%
Big WestCSU Northridge
20%
Atlantic 10Davidson
20%
MEACDelaware State
20%
ColonialDrexel
20%
Atlantic 10Duquesne
20%
Atlantic SunEastern Kentucky
20%
Big SkyEastern Washington
20%
ColonialElon
20%
Metro AtlanticFairfield
20%
NortheastFairleigh Dickinson
20%
Atlantic SunFlorida Gulf Coast
20%
Atlantic 10Fordham
20%
Mountain WestFresno State
20%
SWACGrambling State
20%
ColonialHampton
20%
Big SouthHigh Point
20%
ColonialHofstra
20%
PatriotHoly Cross
20%
MEACHoward
20%
Big SkyIdaho State
20%
SouthlandIncarnate Word
20%
Metro AtlanticIona
20%
HorizonIUPUI
20%
SWACJackson State
20%
Atlantic SunJacksonville
20%
Atlantic SunJacksonville State
20%
Sun BeltJames Madison
20%
Atlantic SunKennesaw State
20%
MACKent State
20%
Atlantic 10La Salle
20%
PatriotLehigh
20%
Ohio ValleyLindenwood
20%
Atlantic SunLipscomb
20%
Big WestLong Beach State
20%
NortheastLong Island
20%
Big SouthLongwood
20%
SouthlandMcNeese State
20%
SouthernMercer
20%
ColonialMonmouth
20%
MEACMorgan State
20%
ColonialNC A&T
20%
MEACNC Central
20%
Metro AtlanticNiagara
20%
SouthlandNicholls State
20%
America EastNJIT
20%
MEACNorfolk State
20%
ColonialNortheastern
20%
Big SkyNorthern Colorado
20%
HorizonNorthern Kentucky
20%
Atlantic SunNorth Florida
20%
Sun BeltOld Dominion
20%
SummitOmaha
20%
West CoastPacific
20%
West CoastPepperdine
20%
Big SkyPortland State
20%
SWACPrairie View A&M
20%
Big SouthPresbyterian
20%
HorizonPurdue Fort Wayne
20%
Metro AtlanticQuinnipiac
20%
Big SouthRadford
20%
Atlantic 10Rhode Island
20%
HorizonRobert Morris
20%
Big SkySacramento State
20%
NortheastSacred Heart
20%
SouthernSamford
20%
WACSam Houston State
20%
WACSeattle
20%
Metro AtlanticSiena
20%
MEACSouth Carolina State
20%
WACSouthern Utah
20%
Pac 12Stanford
20%
Atlantic 10St. Bonaventure
20%
Atlantic SunStetson
20%
ColonialStony Brook
20%
Metro AtlanticSt. Peter's
20%
Ohio ValleyTennessee Tech
20%
ColonialTowson
20%
Big WestUC Riverside
20%
America EastUMass Lowell
20%
MEACUMES
20%
Big SouthUNC Asheville
20%
ColonialUNC Wilmington
20%
Big SouthUSC Upstate
20%
WACUtah Valley
20%
HorizonUW Milwaukee
20%
Missouri ValleyValparaiso
20%
Atlantic 10VCU
20%
SouthernVirginia Military
20%
Big SkyWeber State
20%
SouthernWestern Carolina
20%
ColonialWilliam & Mary
20%
Big SouthWinthrop
20%
SouthernWofford
20%
HorizonWright State
20%
SWACAlcorn State
0%
WACCal Baptist
0%
SouthernChatanooga
0%
MEACCoppin State
0%
SouthernEast Tennessee State
0%
SouthernFurman
0%
Big SouthGardner-Webb
0%
SouthlandHouston Christian
0%
Missouri ValleyIllinois Chicago
0%
SouthlandLamar
0%
NortheastMerrimack
0%
SWACMississippi Valley State
0%
Ohio ValleyMorehead State
0%
Metro AtlanticMt. St. Mary's
0%
SouthlandNorthwestern State
0%
Atlantic SunQueens
0%
SouthlandSE Louisiana
0%
WACStephen F. Austin
0%
NortheastSt. Francis (NY)
0%
NortheastSt. Francis (PA)
0%
NortheastStonehill
0%
SummitSt. Thomas
0%
WACTarleton State
0%
SouthlandTexas A&M Commerce
0%
SWACTexas Southern
0%
WACUtah Tech
0%
WACUT Arlington
0%
Ohio ValleyUT Martin
0%
WACUT Rio Grande Valley
0%
NortheastWagner
0%

Score Distribution

Percentile by Number Answered

Percent of People with Each Score

Your Score History

You have not taken this quiz